| 000 | 01020nam a2200277 a 4500 | ||
|---|---|---|---|
| 001 | 76854 | ||
| 003 | BD-RjUL | ||
| 005 | 20211209082910.0 | ||
| 008 | 200127s1958 enk 000 0 eng d | ||
| 035 | _aoxf98310389 | ||
| 035 | _a(BD-RjUL)77078 | ||
| 040 |
_aAZN _cAZN _dm.c _dEQO _dBD-RjUL _beng |
||
| 041 | _aeng | ||
| 082 |
_223 _a813.5 _bFAT 1958 |
||
| 100 | 1 |
_aFaulkner, William, _d1897-1962. _9238460 |
|
| 245 | 1 | 0 |
_aThese thirteen / _cWilliam Faulkner |
| 260 |
_aLondon : _bChatto & Windus, _c1958 |
||
| 300 |
_a272 p. ; _c20 cm |
||
| 490 | 1 |
_aCollected short stories / William Faulkner ; _v2 |
|
| 500 | _aShort stories | ||
| 505 | 0 | _aA rose for Emily -- Hair -- Dry September -- That evening sun -- Red leaves -- A justice -- Ad astra -- Victory -- Crevasse -- All the dead pilots -- Mistral -- Divorce in Naples -- Carcassonne | |
| 600 |
_aFaulkner, William _d1897-1962 _9238464 |
||
| 650 |
_aAmerican fiction _9238461 |
||
| 830 |
_aCollected short stories / William Faulkner ; _v2 _9238465 |
||
| 942 |
_2ddc _cBK |
||
| 999 |
_c76854 _d76854 |
||